Statistics for Best FIFA player of the last 10 years

Click here to take the quiz!

General Stats

  • This quiz has been taken 31 times
  • The average score is 18 of 20

Answer Stats

YearsPlayersRating% Correct
13Messi94
100%
22Messi93
100%
14Messi94
100%
15Messi93
100%
16Messi94
100%
Messi94
100%
20Messi94
100%
21Messi93
100%
Messi91
100%
19Ronaldo94
100%
18Ronaldo94
100%
17Ronaldo94
100%
Mbappé91
96%
24Mbappé91
96%
Haaland91
89%
23Benzema91
81%
De Bruyne91
81%
De Bruyne91
81%
Lewandowski91
70%
Putellas91
33%

Score Distribution

Percentile by Number Answered

Percent of People with Each Score

Your Score History

You have not taken this quiz